[Event "Olomouc op"]
[Site "Olomouc"]
[Date "2003.08.02"]
[Round "4"]
[White "Vismara, Daniele"]
[Black "Zavurka, Roman"]
[Result "1-0"]
[WhiteElo "2307"]
[BlackElo "2182"]
[PlyCount "111"]
[EventDate "2003.07.30"]
[EventType "swiss"]
[EventRounds "9"]
[EventCountry "CZE"]
[SourceTitle "CBM 095 Extra"]
[Source "ChessBase"]
[SourceDate "2003.09.04"]
[SourceVersion "1"]
[SourceVersionDate "2003.09.04"]
[SourceQuality "1"]

1. Nf3 Nf6 2. c4 d6 3. d4 Nbd7 4. Nc3 e5 5. g3 Be7 6. Bg2 c6 7. Qc2 0-0 8. 0-0 Qc7 9. h3 Re8 10. Be3 Nf8 11. Rac1 Ng6 12. Rfd1 Bf8 13. a3 Be6 14. d5 Bd7 15. b4 cxd5 16. cxd5 b6 17. Qb1 Qb7 18. Kh2 Rac8 19. Ng5 Rc7 20. Nce4 Rec8 21. b5 Rxc1 22. Rxc1 Rxc1 23. Bxc1 Qc8 24. Bd2 Qc4 25. Nxf6+ gxf6 26. Ne4 Be7 27. Bb4 Qc7 28. e3 f5 29. Nc3 e4 30. a4 Bf6 31. Ne2 Qc4 32. Bf1 Qxd5 33. Qc2 Bd8 34. Nc3 Qe6 35. Qd1 Bf6 36. Nd5 Be5 37. Nf4 Bxf4 38. exf4 d5 39. Qd4 f6 40. a5 h5 41. h4 Kh7 42. axb6 axb6 43. Bc3 Ne7 44. Qd1 Be8 45. Bd4 Ng8 46. Qc1 Qd7 47. Qc3 Kg6 48. Kg1 Nh6 49. Bxb6 Ng4 50. Bd4 Qb7 51. Qc5 Bf7 52. Be2 Be8 53. Kg2 Bf7 54. Qd6 Kh7 55. Bxg4 fxg4 56. Qxf6 1-0

[Event "Prague op 02nd"]
[Site "Prague"]
[Date "2003.01.??"]
[Round "7.6"]
[White "Heinzel, Olaf"]
[Black "Vismara, Daniele"]
[Result "0-1"]
[WhiteElo "2357"]
[BlackElo "2260"]
[PlyCount "50"]
[EventDate "2003.01.17"]
[EventType "swiss"]
[EventRounds "9"]
[EventCountry "CZE"]
[SourceTitle "CBM 092 Extra"]
[Source "ChessBase"]
[SourceDate "2003.03.07"]
[SourceVersion "1"]
[SourceVersionDate "2003.03.07"]
[SourceQuality "1"]

1. d4 d5 2. Nf3 c6 3. c3 Bf5 4. Qb3 Qb6 5. Bf4 h6 6. h3 Nd7 7. Nbd2 e6 8. e3 Ngf6 9. Ne5 Nxe5 10. Bxe5 Nd7 11. Bh2 Be7 12. g4 Bg6 13. Bg2 c5 14. a4 h5 15. Qb5 hxg4 16. hxg4 Rc8 17. Nb3 cxd4 18. exd4 Bd8 19. Ke2 Rc6 20. Nd2 a6 21. Qxb6 Nxb6 22. a5 Nc4 23. Nxc4 Rxc4 24. Kd2 Bg5+ 25. f4 Rxh2 0-1

[Event "Zuerich op 26th"]
[Site "Zuerich"]
[Date "2002.12.27"]
[Round "3"]
[White "Vismara, Daniele"]
[Black "Raetsky, Alexander"]
[Result "0-1"]
[WhiteElo "2246"]
[BlackElo "2423"]
[PlyCount "51"]
[EventDate "2002.12.26"]
[EventType "swiss"]
[EventRounds "7"]
[EventCountry "SUI"]
[SourceTitle "CBM 091 Extra"]
[Source "ChessBase"]
[SourceDate "2003.01.09"]
[SourceVersion "1"]
[SourceVersionDate "2003.01.09"]
[SourceQuality "1"]

1. Nf3 d5 2. d4 Nf6 3. c4 dxc4 4. e3 a6 5. Bxc4 e6 6. 0-0 b5 7. Bb3 Bb7 8. a4 Nbd7 9. axb5 axb5 10. Rxa8 Qxa8 11. Nc3 b4 12. Na2 Bd6 13. Ne1 0-0 14. f3 c5 15. dxc5 Nxc5 16. Bc4 Rd8 17. Qe2 Qb8 18. g3 Bd5 19. Bxd5 Nxd5 20. Bd2 Nb3 21. Ng2 Qb6 22. Rd1 Rc8 23. Be1 Qa5 24. e4 Bc5+ 25. Bf2 Bxf2+ 26. Kxf2 0-1

[Event "Milan Crespi op 23rd"]
[Site "Milan"]
[Date "2002.12.07"]
[Round "8"]
[White "Lazic, Miroljub"]
[Black "Vismara, Daniele"]
[Result "0-1"]
[WhiteElo "2461"]
[BlackElo "2246"]
[PlyCount "80"]
[EventDate "2002.12.02"]
[EventType "swiss"]
[EventRounds "9"]
[EventCountry "ITA"]
[SourceTitle "EXT 2007"]
[Source "ChessBase"]
[SourceDate "2006.11.23"]
[SourceVersion "1"]
[SourceVersionDate "2006.11.23"]
[SourceQuality "1"]

1. d4 d5 2. c4 e6 3. Nc3 c6 4. e3 Nf6 5. Nf3 Nbd7 6. Qc2 Bd6 7. Bd3 0-0 8. 0-0 dxc4 9. Bxc4 a6 10. a4 c5 11. b3 Qc7 12. h3 b6 13. Bb2 Bb7 14. Qe2 cxd4 15. exd4 e5 16. d5 Nh5 17. Ng5 Nf4 18. Qd1 h6 19. Nge4 f5 20. Nxd6 Qxd6 21. Ne2 Ng6 22. f3 b5 23. axb5 axb5 24. Rxa8 Bxa8 25. Bd3 Qxd5 26. Kh1 Bc6 27. b4 e4 28. fxe4 fxe4 29. Bc2 Rxf1+ 30. Qxf1 e3 31. Nc3 Qg5 32. Be4 Bxe4 33. Nxe4 Qf4 34. Qd3 Nde5 35. Bxe5 Nxe5 36. Qd5+ Kh7 37. Nc3 Qf1+ 38. Kh2 Ng6 39. Qe4 Qf8 40. Nd5 e2 0-1

[Event "Milan Crespi op 23rd"]
[Site "Milan"]
[Date "2002.12.05"]
[Round "5"]
[White "Vismara, Daniele"]
[Black "Mrdja, Milan"]
[Result "1/2-1/2"]
[WhiteElo "2246"]
[BlackElo "2368"]
[PlyCount "73"]
[EventDate "2002.12.02"]
[EventType "swiss"]
[EventRounds "9"]
[EventCountry "ITA"]
[SourceTitle "EXT 2007"]
[Source "ChessBase"]
[SourceDate "2006.11.23"]
[SourceVersion "1"]
[SourceVersionDate "2006.11.23"]
[SourceQuality "1"]

1. Nf3 d5 2. d4 c6 3. c4 Nf6 4. Nc3 a6 5. cxd5 cxd5 6. Bg5 e6 7. e3 Be7 8. Bd3 Nc6 9. Rc1 h6 10. Bh4 0-0 11. 0-0 Ne8 12. Bxe7 Nxe7 13. Bb1 Nd6 14. Qd3 g6 15. Ne5 Bd7 16. f3 Be8 17. e4 Nb5 18. Ne2 Qb6 19. Qe3 Rd8 20. a4 Nd6 21. Qxh6 Nc4 22. Nxc4 dxc4 23. Rxc4 Qxb2 24. Qe3 b5 25. Rc7 Nc6 26. axb5 Qxb5 27. d5 exd5 28. Nc3 Qb8 29. Nxd5 Rxd5 30. exd5 Qxc7 31. dxc6 Bxc6 32. Rc1 Qb7 33. Qg5 Bd7 34. h4 Qb6+ 35. Kh2 Kg7 36. Qe5+ Qf6 37. Qxf6+ 1/2-1/2

[Event "Milan Crespi op 23rd"]
[Site "Milan"]
[Date "2002.12.03"]
[Round "3"]
[White "Sareen, Vishal"]
[Black "Vismara, Daniele"]
[Result "1-0"]
[WhiteElo "2335"]
[BlackElo "2246"]
[PlyCount "75"]
[EventDate "2002.12.02"]
[EventType "swiss"]
[EventRounds "9"]
[EventCountry "ITA"]
[SourceTitle "EXT 2007"]
[Source "ChessBase"]
[SourceDate "2006.11.23"]
[SourceVersion "1"]
[SourceVersionDate "2006.11.23"]
[SourceQuality "1"]

1. e4 c5 2. Nc3 d6 3. Nf3 Nf6 4. d4 cxd4 5. Nxd4 a6 6. Be2 e6 7. 0-0 Be7 8. f4 Qc7 9. Kh1 Nc6 10. Be3 0-0 11. Qe1 Nxd4 12. Bxd4 b5 13. a3 Bb7 14. Qg3 Rae8 15. Rad1 Bc6 16. e5 dxe5 17. Bxe5 Qb7 18. f5 g6 19. fxg6 fxg6 20. Qh3 Qc8 21. Rf4 Nd5 22. Nxd5 Bg5 23. Nf6+ Bxf6 24. Bxf6 e5 25. Qxc8 Rxc8 26. Bxe5 Rfe8 27. Bg4 Bxg2+ 28. Kxg2 Rxc2+ 29. Rf2 Rxf2+ 30. Kxf2 Rxe5 31. Rd6 a5 32. Rd5 Rxd5 33. Be6+ Kg7 34. Bxd5 Kf6 35. Ke3 Ke5 36. Be4 b4 37. axb4 axb4 38. b3 1-0

[Event "Budapest FS04 IM-A"]
[Site "Budapest"]
[Date "2002.04.10"]
[Round "9"]
[White "Bodrogi, Mihaly"]
[Black "Vismara, Daniele"]
[Result "1-0"]
[WhiteElo "2203"]
[BlackElo "2295"]
[PlyCount "109"]
[EventDate "2002.04.02"]
[EventType "tourn"]
[EventRounds "9"]
[EventCountry "HUN"]
[EventCategory "2"]
[SourceTitle "CBM 087 Extra"]
[Source "ChessBase"]
[SourceDate "2002.05.03"]
[SourceVersion "2"]
[SourceVersionDate "2002.08.09"]
[SourceQuality "1"]

1. e4 c5 2. Nc3 Nc6 3. g3 g6 4. d3 Bg7 5. Be3 d6 6. Qd2 e6 7. Nf3 Nd4 8. Bxd4 cxd4 9. Nb5 e5 10. Qb4 Ke7 11. Ng5 Nh6 12. Qc4 f6 13. Qc7+ Qxc7 14. Nxc7 fxg5 15. Nxa8 Kd8 16. Rc1 Bg4 17. c3 Kd7 18. cxd4 Rxa8 19. d5 Bf3 20. Rg1 g4 21. h3 gxh3 22. Bxh3+ Ng4 23. Rc2 h5 24. Rc3 Rf8 25. Bg2 Nh2 26. Bh3+ Bg4 27. Bxg4+ Nxg4 28. Rf1 Nh2 29. Rh1 Nf3+ 30. Kf1 Bf6 31. Kg2 Bd8 32. b4 Bb6 33. Rc2 g5 34. a4 h4 35. a5 Bd8 36. gxh4 gxh4 37. Rhc1 Nd4 38. Rc8 Ne2 39. R1c2 Nf4+ 40. Kf1 Rf7 41. Rb8 Ke8 42. Rcc8 Rd7 43. b5 Nxd3 44. Ra8 a6 45. bxa6 bxa6 46. Rxa6 Nf4 47. Raa8 Ke7 48. a6 Bb6 49. Rh8 Kf6 50. Rxh4 Rc7 51. Kg1 Rc1+ 52. Kh2 Bxf2 53. a7 Ra1 54. Rf8+ Kg5 55. Rhxf4 1-0

[Event "Budapest FS04 IM-A"]
[Site "Budapest"]
[Date "2002.04.08"]
[Round "7"]
[White "Drabke, Lorenz Maximilian"]
[Black "Vismara, Daniele"]
[Result "1-0"]
[WhiteElo "2324"]
[BlackElo "2295"]
[PlyCount "45"]
[EventDate "2002.04.02"]
[EventType "tourn"]
[EventRounds "9"]
[EventCountry "HUN"]
[EventCategory "2"]
[SourceTitle "CBM 087 Extra"]
[Source "ChessBase"]
[SourceDate "2002.05.03"]
[SourceVersion "2"]
[SourceVersionDate "2002.08.09"]
[SourceQuality "1"]

1. e4 c5 2. c3 Nf6 3. e5 Nd5 4. Nf3 e6 5. d4 cxd4 6. cxd4 b6 7. Nc3 Nxc3 8. bxc3 Qc7 9. Bd2 d6 10. Bd3 Bb7 11. 0-0 Nd7 12. Re1 dxe5 13. Nxe5 Nxe5 14. Rxe5 Bd6 15. Bb5+ Bc6 16. Qf3 Rc8 17. Bxc6+ Qxc6 18. d5 Qb7 19. Rg5 f6 20. Qh5+ Kf8 21. Rxg7 Kxg7 22. Bh6+ Kg8 23. Qg4+ 1-0

[Event "Budapest FS04 IM-A"]
[Site "Budapest"]
[Date "2002.04.07"]
[Round "6"]
[White "Vismara, Daniele"]
[Black "Gara, Ticia"]
[Result "0-1"]
[WhiteElo "2295"]
[BlackElo "2303"]
[PlyCount "56"]
[EventDate "2002.04.02"]
[EventType "tourn"]
[EventRounds "9"]
[EventCountry "HUN"]
[EventCategory "2"]
[SourceTitle "CBM 087 Extra"]
[Source "ChessBase"]
[SourceDate "2002.05.03"]
[SourceVersion "2"]
[SourceVersionDate "2002.08.09"]
[SourceQuality "1"]

1. Nf3 Nf6 2. c4 g6 3. d4 Bg7 4. g3 d5 5. cxd5 Nxd5 6. Bg2 Nb6 7. Nc3 Nc6 8. e3 0-0 9. 0-0 e5 10. d5 Na5 11. e4 c6 12. Bg5 f6 13. Be3 cxd5 14. Bxb6 Qxb6 15. Nxd5 Qd8 16. Rc1 Nc6 17. b4 Bh6 18. Rc3 Bg4 19. Qb3 Kh8 20. b5 Nd4 21. Nxd4 exd4 22. Rc7 Rc8 23. Rxb7 Be2 24. Rb1 d3 25. Bf1 Qa5 26. f4 Qd2 27. Qb4 Qxb4 28. Nxb4 d2 0-1

[Event "Valle d'Aosta op 10th"]
[Site "Saint Vincent"]
[Date "2002.02.12"]
[Round "4"]
[White "Ortega, Lexy"]
[Black "Vismara, Daniele"]
[Result "1-0"]
[WhiteElo "2481"]
[BlackElo "2343"]
[PlyCount "89"]
[EventDate "2002.02.09"]
[EventType "swiss"]
[EventRounds "9"]
[EventCountry "ITA"]
[SourceTitle "CBM 086 Extra"]
[Source "ChessBase"]
[SourceDate "2002.03.14"]
[SourceVersion "1"]
[SourceVersionDate "2002.03.14"]
[SourceQuality "1"]

1. d4 d5 2. c4 c6 3. Nc3 Nf6 4. Nf3 dxc4 5. a4 Bf5 6. Nh4 e6 7. Nxf5 exf5 8. e3 Bb4 9. Bxc4 0-0 10. 0-0 Nbd7 11. Qc2 Nb6 12. Bb3 Qd7 13. a5 Nbd5 14. f3 Rfe8 15. Nxd5 Nxd5 16. e4 Nc7 17. Be3 a6 18. Bf2 Rad8 19. Kh1 Nb5 20. Qc4 Bf8 21. d5 Rc8 22. dxc6 Rxc6 23. Qd5 Rd6 24. Qc4 Rc8 25. Qa4 Rd2 26. Rad1 Qd3 27. Bg1 Rc6 28. exf5 Rxd1 29. Rxd1 Qxf5 30. Bd5 Rc7 31. Qh4 g6 32. Be4 Qe5 33. Qd8 Kg7 34. Rd5 Be7 35. Qa8 Qxb2 36. Rd1 Qe2 37. Rb1 Qd2 38. Bxb7 Rc1 39. Rxc1 Qxc1 40. Qc8 Qa3 41. Bd5 Qxa5 42. Qe8 Nd6 43. Bd4+ Kh6 44. Qxe7 Qxd5 45. Qh4+ 1-0

[Event "ITA-ch 61st"]
[Site "Montecatini Terme"]
[Date "2001.11.25"]
[Round "5"]
[White "Costantini, Roberto"]
[Black "Vismara, Daniele"]
[Result "0-1"]
[WhiteElo "2314"]
[BlackElo "2365"]
[PlyCount "84"]
[EventDate "2001.11.21"]
[EventType "tourn"]
[EventRounds "11"]
[EventCountry "ITA"]
[EventCategory "6"]
[SourceTitle "CBM 085 Extra"]
[Source "ChessBase"]
[SourceDate "2002.01.21"]
[SourceVersion "1"]
[SourceVersionDate "2002.01.21"]
[SourceQuality "1"]

1. e4 c5 2. Nf3 d6 3. d4 cxd4 4. Nxd4 Nf6 5. Nc3 a6 6. Be3 e6 7. Be2 Be7 8. 0-0 0-0 9. f4 Qc7 10. Qe1 Nc6 11. Qg3 Bd7 12. Rad1 Nxd4 13. Bxd4 Bc6 14. Kh1 g6 15. Bf3 b5 16. a3 Qb7 17. f5 Rad8 18. Qh3 e5 19. Be3 Kh8 20. Bg5 gxf5 21. exf5 Rg8 22. Qh4 Rxg5 23. Qxg5 d5 24. Ne2 Rg8 25. Qh6 Qb8 26. Ng3 e4 27. Be2 Qc7 28. Nh5 Ng4 29. Bxg4 Bg5 30. Qxg5 Rxg5 31. h3 Qe5 32. c3 Bd7 33. Nf4 Bc6 34. Ne2 h5 35. Nd4 hxg4 36. Nxc6 Qd6 37. h4 Rh5 38. Nb4 Rxh4+ 39. Kg1 g3 40. f6 Qc5+ 41. Rd4 Qf8 42. Rf5 Qh6 0-1

[Event "ITA-ch 61st"]
[Site "Montecatini Terme"]
[Date "2001.11.23"]
[Round "3"]
[White "Vezzosi, Paolo"]
[Black "Vismara, Daniele"]
[Result "1-0"]
[WhiteElo "2401"]
[BlackElo "2365"]
[PlyCount "179"]
[EventDate "2001.11.21"]
[EventType "tourn"]
[EventRounds "11"]
[EventCountry "ITA"]
[EventCategory "6"]
[SourceTitle "CBM 085 Extra"]
[Source "ChessBase"]
[SourceDate "2002.01.21"]
[SourceVersion "1"]
[SourceVersionDate "2002.01.21"]
[SourceQuality "1"]

1. c4 Nf6 2. Nf3 c6 3. b3 d5 4. Bb2 Bg4 5. d3 Bxf3 6. exf3 dxc4 7. bxc4 c5 8. Be2 Nc6 9. 0-0 e6 10. f4 Be7 11. Bf3 Qd7 12. Qa4 0-0 13. Bxc6 Qxc6 14. Qxc6 bxc6 15. Nc3 Rfd8 16. Rfd1 Rd7 17. Kf1 Rad8 18. Ke2 Ne8 19. Na4 Nc7 20. Rab1 Na6 21. a3 Rb7 22. Be5 Rdd7 23. g3 f6 24. Bc3 Kf7 25. Bd2 Ke8 26. Be3 Kd8 27. g4 Kc8 28. f5 exf5 29. gxf5 Rxb1 30. Rxb1 Rb7 31. Rxb7 Kxb7 32. Kf3 Kc7 33. h4 Kd7 34. h5 Bf8 35. Nc3 Ke8 36. Bf4 Kf7 37. Ke4 Ke8 38. Kf3 Kd7 39. Ne4 Be7 40. h6 gxh6 41. Kg4 Ke8 42. Kh5 Kf7 43. Kxh6 Kg8 44. Nd6 Bxd6 45. Bxd6 Kh8 46. f3 Kg8 47. f4 Kh8 48. Be7 Kg8 49. Bxf6 Nb8 50. Bh4 Nd7 51. Bf2 a6 52. Be3 Kh8 53. Bd2 Kg8 54. Bc3 Nf8 55. a4 Nd7 56. a5 Nf8 57. Bg7 Nd7 58. f6 Nb8 59. f7+ Kxf7 60. Kxh7 Nd7 61. f5 Nb8 62. Kh6 Nd7 63. Bb2 Nf6 64. Kg5 Nd7 65. Kf4 Ke7 66. Be5 Kf7 67. Bd6 Kf6 68. Kg4 Kg7 69. Kg5 Kf7 70. Bc7 Nf8 71. Be5 Nh7+ 72. Kf4 Nf8 73. Bb2 Nd7 74. Bc3 Ke7 75. Kg5 Nf8 76. f6+ Ke6 77. Bb2 Kd7 78. Kh6 Ke8 79. Kg7 Ne6+ 80. Kg8 Ng5 81. Bc1 Nf7 82. Bf4 Nd8 83. Bd6 Nf7 84. Bxc5 Ng5 85. Be3 Nf7 86. Bf4 Nd8 87. d4 Nf7 88. d5 cxd5 89. cxd5 Nd8 90. d6 1-0

[Event "Montecatini Terme 6th"]
[Site "Montecatini Terme"]
[Date "2001.11.06"]
[Round "4"]
[White "Ivanov, Jordan"]
[Black "Vismara, Daniele"]
[Result "1-0"]
[WhiteElo "2446"]
[BlackElo "2365"]
[PlyCount "55"]
[EventDate "2001.11.03"]
[EventType "tourn"]
[EventRounds "10"]
[EventCountry "ITA"]
[EventCategory "3"]
[SourceTitle "EXT 2002"]
[Source "ChessBase"]
[SourceDate "2001.11.25"]
[SourceVersion "1"]
[SourceVersionDate "2001.11.25"]
[SourceQuality "1"]

1. Nf3 d5 2. c4 c6 3. e3 Nf6 4. Nc3 e6 5. b3 Nbd7 6. Qc2 Bd6 7. Bb2 0-0 8. Be2 b6 9. 0-0 Bb7 10. d4 Re8 11. e4 Nxe4 12. Nxe4 dxe4 13. Qxe4 f5 14. Qc2 Qc7 15. c5 bxc5 16. Bc4 Kh8 17. h3 cxd4 18. Nxd4 Nf8 19. Rfe1 c5 20. Nxe6 Nxe6 21. Rxe6 Rxe6 22. Bxe6 Bh2+ 23. Kh1 Qc6 24. f3 Qxe6 25. Kxh2 Rc8 26. Rd1 h6 27. Qd2 Kh7 28. Qd7 1-0

[Event "Estensi op"]
[Site "Estensi"]
[Date "2001.06.04"]
[Round "3"]
[White "Vismara, Daniele"]
[Black "Cebalo, Miso"]
[Result "1-0"]
[WhiteElo "2231"]
[BlackElo "2465"]
[PlyCount "81"]
[EventDate "2001.06.02"]
[EventType "swiss"]
[EventRounds "9"]
[EventCountry "ITA"]
[SourceTitle "CBM 082 Extra"]
[Source "ChessBase"]
[SourceDate "2001.07.03"]
[SourceVersion "1"]
[SourceVersionDate "2001.07.03"]
[SourceQuality "1"]

1. e4 c5 2. Nf3 d6 3. d4 cxd4 4. Nxd4 Nf6 5. f3 e5 6. Bb5+ Nbd7 7. Nf5 d5 8. exd5 a6 9. Ba4 b5 10. Bb3 Nb6 11. Ne3 Bc5 12. Qd3 0-0 13. Nc3 Bb7 14. a4 b4 15. Ne4 Nxe4 16. fxe4 a5 17. Nf5 Bc8 18. Be3 Bxe3 19. Nxe3 Ba6 20. Qd2 Qh4+ 21. Qf2 Qxe4 22. 0-0-0 Qf4 23. Qxf4 exf4 24. Nf5 g6 25. Ne7+ Kg7 26. d6 Bb7 27. Rd2 Rad8 28. Re1 Kf6 29. c4 Nd7 30. Bc2 Nc5 31. Nd5+ Kg7 32. Nxf4 b3 33. Re5 Rc8 34. d7 Nxd7 35. Rxd7 Rxc4 36. Ne6+ Kf6 37. Nxf8 Rxc2+ 38. Kb1 Bc8 39. Re3 Kg7 40. Ne6+ Kf6 41. Rc7 1-0

[Event "Estensi op"]
[Site "Estensi"]
[Date "2001.06.03"]
[Round "2"]
[White "Bukal, Vladimir Sr"]
[Black "Vismara, Daniele"]
[Result "1/2-1/2"]
[WhiteElo "2439"]
[BlackElo "2231"]
[PlyCount "128"]
[EventDate "2001.06.02"]
[EventType "swiss"]
[EventRounds "9"]
[EventCountry "ITA"]
[SourceTitle "CBM 082 Extra"]
[Source "ChessBase"]
[SourceDate "2001.07.03"]
[SourceVersion "1"]
[SourceVersionDate "2001.07.03"]
[SourceQuality "1"]

1. c4 c5 2. Nf3 Nf6 3. g3 b6 4. Bg2 Bb7 5. 0-0 e6 6. d4 cxd4 7. Qxd4 Nc6 8. Qf4 d6 9. Nc3 Be7 10. Rd1 Qb8 11. b3 Ne5 12. Bb2 0-0 13. e4 a6 14. Nd4 Nxc4 15. bxc4 e5 16. Qd2 exd4 17. Qxd4 Bc6 18. Nd5 Bxd5 19. cxd5 Rc8 20. Rac1 Rc5 21. Bh3 Ra7 22. Ba3 Rxc1 23. Rxc1 Rc7 24. Rxc7 Qxc7 25. Qa4 g6 26. Qc6 Qd8 27. e5 Ne4 28. f3 Nc5 29. f4 Bf8 30. Bf1 dxe5 31. Bc1 Bd6 32. fxe5 Bxe5 33. Bh6 a5 34. Kg2 Nd7 35. h4 Nf6 36. Bc4 Ng4 37. Bg5 Qc7 38. Qe8+ Kg7 39. Be7 Qb8 40. Qxb8 Bxb8 41. Bb3 a4 42. Bxa4 Ne3+ 43. Kf3 Nxd5 44. Bg5 f6 45. Bd2 Kf7 46. Bb3 Ke6 47. g4 f5 48. g5 Be5 49. Be1 Kd6 50. Bf2 b5 51. Ba7 Bc3 52. Bb8+ Kc5 53. Ba7+ Kc6 54. Bf2 Kd6 55. a4 bxa4 56. Bxa4 Ke5 57. Bg3+ f4 58. Bf2 Bd4 59. Be1 Bc3 60. Bf2 Bd4 61. Be1 Bc3 62. Bf2 Bd4 63. Be1 Bc3 64. Bf2 Bd4 1/2-1/2

[Event "Cutro op 07th"]
[Site "Cutro"]
[Date "2001.04.23"]
[Round "2"]
[White "Vismara, Daniele"]
[Black "Lazic, Miroljub"]
[Result "0-1"]
[WhiteElo "2231"]
[BlackElo "2475"]
[PlyCount "68"]
[EventDate "2001.04.22"]
[EventType "swiss"]
[EventRounds "9"]
[EventCountry "ITA"]
[SourceTitle "CBM 082 Extra"]
[Source "ChessBase"]
[SourceDate "2001.07.03"]
[SourceVersion "1"]
[SourceVersionDate "2001.07.03"]
[SourceQuality "1"]

1. Nf3 d6 2. d4 Nf6 3. c4 c6 4. Nc3 Bf5 5. Nh4 Bg6 6. Nxg6 hxg6 7. e4 e5 8. Be2 Nbd7 9. Be3 Be7 10. d5 c5 11. Qd2 a6 12. a3 Nh5 13. 0-0 Nf4 14. Bxf4 exf4 15. Qxf4 Bf6 16. g3 Bd4 17. Kg2 g5 18. Qd2 Ne5 19. Rh1 g4 20. Raf1 Qd7 21. Nd1 f5 22. Qg5 fxe4 23. Ne3 Bxe3 24. fxe3 Nf3 25. Qg6+ Kd8 26. Rf2 Kc7 27. Qxe4 Rae8 28. Qd3 Rxh2+ 29. Rxh2 Ne1+ 30. Kf1 Nxd3 31. Bxd3 Rxe3 32. Bf5 Qa4 33. Rc2 Rf3+ 34. Rhf2 Rxf5 0-1

[Event "Viareggio op"]
[Site "Viareggio"]
[Date "2001.02.??"]
[Round "?"]
[White "Efimov, Igor"]
[Black "Vismara, Daniele"]
[Result "0-1"]
[WhiteElo "2480"]
[BlackElo "2230"]
[PlyCount "44"]
[EventDate "2001.02.16"]
[EventType "swiss"]
[EventRounds "7"]
[EventCountry "ITA"]
[SourceTitle "EXT 2004"]
[Source "ChessBase"]
[SourceDate "2003.11.25"]
[SourceVersion "1"]
[SourceVersionDate "2003.11.25"]
[SourceQuality "1"]

1. d4 d5 2. c4 c6 3. e3 Nf6 4. Nc3 e6 5. Nf3 Nbd7 6. Bd3 dxc4 7. Bxc4 b5 8. Bd3 Bb7 9. 0-0 b4 10. Na4 Be7 11. e4 0-0 12. Bg5 Rc8 13. Rc1 c5 14. Bxf6 Bxf6 15. d5 exd5 16. exd5 g6 17. Bb5 Nb6 18. Nxc5 Bxd5 19. b3 Bc3 20. Nd7 Bxf3 21. Qxf3 Nxd7 22. Rcd1 Ne5 0-1

[Event "Arco op 23rd"]
[Site "Arco"]
[Date "2001.??.??"]
[Round "5"]
[White "Drasko, Milan"]
[Black "Vismara, Daniele"]
[Result "1-0"]
[WhiteElo "2508"]
[BlackElo "2565"]
[PlyCount "45"]
[EventDate "2001.10.17"]
[EventType "swiss"]
[EventRounds "9"]
[EventCountry "ITA"]
[SourceTitle "CBM 085 Extra"]
[Source "ChessBase"]
[SourceDate "2002.01.21"]
[SourceVersion "1"]
[SourceVersionDate "2002.01.21"]
[SourceQuality "1"]

1. Nf3 d5 2. g3 Bg4 3. Bg2 Nd7 4. d3 Ngf6 5. 0-0 c6 6. Qe1 e5 7. e4 dxe4 8. dxe4 Bc5 9. Nbd2 0-0 10. h3 Bh5 11. a4 a5 12. Nc4 Re8 13. Bd2 b6 14. Nh4 Qc7 15. Kh1 Nf8 16. Bc3 N6d7 17. f4 exf4 18. gxf4 f6 19. Nf5 Ne6 20. e5 fxe5 21. fxe5 Nef8 22. Nxg7 Kxg7 23. Qg3+ 1-0